| 000 -ლიდერი |
| ფიქსირებული სიგრძის საკონტროლო ველი |
01261nam a2200265Ia 4500 |
| 001 - საკონტროლო ნომერი |
| საკონტროლო ველი |
2153 |
| 003 - საკონტროლო ნომრის იდენტიფიკატორი |
| საკონტროლო ველი |
GE_BSU |
| 005 - ბოლო ოპერაციის თარიღი და დრო |
| საკონტროლო ველი |
20190520144711.0 |
| 008 - ფიქსირებული სიგრძის მონაცემთა ელემენტები - ზოგადი ინფორმაცია |
| ფიქსირებული სიგრძის საკონტროლო ველი |
181216s2011||||ge |||||||||||||| ||geo|| |
| 020 ## - წიგნის საერთაშორისო სტანდარტული ნომერი |
| International Standard Book Number |
97899941192234 |
| 040 ## - კატალოგიზაციის წყარო |
| Transcribing agency |
GE_BSU |
| 041 ## - ენის კოდი |
| Language code of text/sound track or separate title |
geo |
| 080 ## - უნივერსალური ათობითი კლასიფიკაციის ინდექსი |
| Universal Decimal Classification number |
821.111.1-32 ჰ–77 |
| 100 ## - მთავარი ჩანაწერი - პიროვნების სახელი |
| Personal name |
ჰოთორნი, ნათანიელ |
| 9 (RLIN) |
1389 |
| 245 ## - ცნობა სათაურის შესახებ |
| Title |
მოთხრობები / |
| Statement of responsibility, etc |
ნათანიელ ჰოთორნი; მთარგმნ. პაატა გეგელაშვილი ; რედ. მანანა ღოღობერიძე. |
| 264 ## - წარმოების, გამოცემის, დისტრიბუციის და სხვა ცნობები |
| გამოცემის, წარმოების, დისტრიბუციის... ადგილი |
თბილისი : |
| გამოცემის, წარმოების, დისტრიბუციის... სახელწოდება |
პალიტრა L, |
| გამოცემის, წარმოების, დისტრიბუციის... თარიღი |
2011. |
| 300 ## - ფიზიკური აღწერა |
| Extent |
184გვ.; |
| Other physical details |
19სმ. |
| 490 ## - სერიის ცნობა |
| Series statement |
მსოფლიოს რჩეული მოთხრობები, ISSN 1987-9911 ; ტ. 45 |
| 653 ## - INDEX TERM--UNCONTROLLED |
| Uncontrolled term |
ამერიკული ლიტერატურა |
| 653 ## - INDEX TERM--UNCONTROLLED |
| Uncontrolled term |
ამერიკული პროზა |
| 653 ## - INDEX TERM--UNCONTROLLED |
| Uncontrolled term |
ამერიკული მოთხრობები |
| 700 ## - ADDED ENTRY--PERSONAL NAME |
| Personal name |
გეგელაშვილი, პაატა |
| Relator term |
მთარგმნელი |
| 9 (RLIN) |
1390 |
| 700 ## - ADDED ENTRY--PERSONAL NAME |
| Personal name |
ღოღობერიძე, მანანა |
| Relator term |
რედაქტორი |
| 9 (RLIN) |
1391 |
| 942 ## - ADDED ENTRY ELEMENTS (KOHA) |
| Koha item type |
წიგნი |
| Source of classification or shelving scheme |
|